| 000 | 00604nam a2200217 a 4500 | ||
|---|---|---|---|
| 001 | 51313 | ||
| 003 | BD-RjUL | ||
| 005 | 20211209075636.0 | ||
| 008 | 160830s1963 nyua 001 0 eng d | ||
| 035 | _a(BD-RjUL) 51433 | ||
| 040 |
_aBD-RjUL _beng _cBD-RjUL _dBD-RjUL |
||
| 041 | _aeng | ||
| 082 |
_223 _a514.2 _bBOM 1963 |
||
| 100 | 1 |
_aBourgin, D. G. _9153463 |
|
| 245 | 1 | 0 |
_aModern algebraic topology / _cD.G. Bourgin |
| 260 |
_aNew York : _bMacmillan, _c1963. |
||
| 300 |
_axii, 544 p. : _bill. ; _c24 cm. |
||
| 504 | _aIncludes bibliography | ||
| 650 | 0 |
_aAlgebraic topology _9151184 |
|
| 942 |
_2ddc _cBK |
||
| 999 |
_c51313 _d51313 |
||